Rozpoznaj markę samochodu po jego modelu - Statystyki

Ogólne statystyki
  • Ten quiz został rozwiązany 192 razy
  • Średni wynik to 15 z 22
Statystyki odpowiedzi
Hint Odpowiedź % Poprawnych
A5 Audi
97%
Insignia Opel
95%
Sportage Kia
89%
Tipo Fiat
88%
Cayenne Porsche
87%
Superb Skoda
86%
Huracan Lamborghini
85%
GLC Mercedes
85%
Tiguan Volkswagen
85%
Giulia Alfa Romeo
82%
Camaro Chevrolet
80%
M340i BMW
76%
S90 Volvo
73%
Puma Ford
65%
CX - 30 Mazda
60%
Continental Bentley
53%
508 SW Peugeot
50%
GT86 Toyota
45%
Ghost Rolls Royce
43%
812 GTS Ferrari
40%
600LT McLaren
26%
595 Abarth
18%
Nie znaleziono quizów pasujących do podanych kryteriów
Rozkład punktacji
Procent ludzi z każdym wynikiem
Percentyl według liczby udzielonych odpowiedzi
Twoja historia wyników
Nie rozwiązałeś tego quizu